00617nam a2200145Ia 4500008004100000050002800041100003200069245009200101260008600193300002800279521002700307942000700334999001900341952011100360140724s9999 xx 000 0 und d aQA 76.9.S88b.C578 2011 aCirera, Mark Anthony Lomat. aComputerized inventory system for Del Rosario Auto Supply /cMark Anthony Lomat Cirera. aLas Piñas, Philippines :bSouthville International School and Colleges,cc2011. a54 p. :bill. ;c28 cm. aInformation Technology cTH c229273d229273 001040aCLbCLcTHESESd2014-07-24l0oQA 76.9.S88 .C578 2011pT0627r2018-05-15 00:00:00w2014-07-24yTH